Réfs de Friends - J - Statistiques

Statistiques générales
  • Ce quiz a été pris 65 fois
  • Le résultat moyen est 10 sur 16
Statistiques - réponses
Par images Hint Réponse % Correct
Prénom Joey
98%
Prénom Janice
93%
Série Les {jours} de notre vie
91%
Lien Jumelle
89%
Prénom de l'actrice Jennifer
86%
Prénom Jack
80%
Prénom de l'actrice Julia
80%
Prénom Julie
79%
Prénom Jean-Claude Van Damme
63%
Prénom Joshua
55%
Prénom Judy
50%
Personnage ayant "porté" le costume James Bond
48%
Prénom {Jill} Goodacre
45%
Prénom Joanna
39%
Réplique Je veux du {jus d'orange}
21%
Nom du restaurant Javu
16%
Aucun quiz correspondant
Distribution des résultats
% des personnes avec chaque résultat
Percentile par nombre de réponses
Votre historique - résultats
Vous n’avez pas pris ce quiz